La educación y la herencia (Record no. 77008)

MARC details
000 -LEADER
campo de control de longitud fija 00682nam a2200205 i 4500
001 - NÚMERO DE CONTROL
campo de control 77008
003 - IDENTIFICADOR DE NÚMERO DE CONTROL
campo de control ES-MaACL
005 - FECHA Y HORA DE LA ÚLTIMA TRANSACCIÓN
campo de control 20251015063106.0
007 - CAMPO FIJO DE DESCRIPCIÓN FÍSICA--INFORMACIÓN GENERAL
campo de control de longitud fija t|
008 - DATOS DE LONGITUD FIJA--INFORMACIÓN GENERAL
campo de control de longitud fija 041006q1910 sp |||| | spa d
080 ## - NÚMERO DE LA CLASIFICACIÓN DECIMAL UNIVERSAL
Número de la Clasificación Decimal Universal 37.015.2
100 1# - ENTRADA PRINCIPAL--NOMBRE DE PERSONA
Nombre de persona Guyau, Jean Marie,
Fechas asociadas al nombre 1854-1888
9 (RLIN) 127668
245 13 - MENCIÓN DEL TÍTULO
Título La educación y la herencia
Resto del título : estudio sociológico /
Mención de responsabilidad, etc. por M. Guyau ; traducción, prólogo y notas de Adolfo Posada.
260 ## - PUBLICACIÓN, DISTRIBUCIÓN, ETC.
Lugar de publicación, distribución, etc. Madrid :
Nombre del editor, distribuidor, etc. [s.n.,
Fecha de publicación, distribución, etc. 1910?] (
Fabricante Imp. de Gabriel L. del Horno)
300 ## - DESCRIPCIÓN FÍSICA
Extensión 423 p. ;
Dimensiones 23 cm.
650 #7 - PUNTO DE ACCESO ADICIONAL DE MATERIA--TÉRMINO DE MATERIA
Término de materia o nombre geográfico como elemento de entrada Educación
Fuente del encabezamiento o término embne
9 (RLIN) 12073
700 1# - ENTRADA AGREGADA--NOMBRE PERSONAL
Nombre de persona Posada, Adolfo,
Fechas asociadas al nombre 1860-1944
9 (RLIN) 93316
852 ## - LOCALIZACIÓN
Ubicación ES-MaACL
Número de control de estantería F-14858
Holdings
Estatus retirado Estado de pérdida Estado de daño No para préstamo Biblioteca de origen Biblioteca actual Ubicación en estantería Fecha de adquisición Fuente de adquisición Total de préstamos Signatura topográfica completa Código de barras Visto por última vez Precio de reemplazo Tipo de ítem Koha
        Biblioteca del Ateneo de Madrid Biblioteca del Ateneo de Madrid Sala Pecera Planta 2 17/01/2008     F-14858 1080577 23/02/2023 23/02/2023 Libro impreso